Nitrosamine research for the rubber industry : A one-day international symposium The faculty club,Kathdieke Universiteit Leuven,Brussels Wednesday, 23 November 1994 Conference papers (Record no. 40846)

MARC details
000 -LEADER
fixed length control field 00441nam a2200109Ia 4500
082 ## - DEWEY DECIMAL CLASSIFICATION NUMBER
Classification number NR:62:678.048.2
Item number NIT
245 #0 - TITLE STATEMENT
Title Nitrosamine research for the rubber industry : A one-day international symposium The faculty club,Kathdieke Universiteit Leuven,Brussels Wednesday, 23 November 1994 Conference papers
260 ## - PUBLICATION, DISTRIBUTION, ETC. (IMPRINT)
Name of publisher Rubber consultants
Year of publication 1994
650 ## - SUBJECT ADDED ENTRY--TOPICAL TERM
Topical Term Nitrosamine analysis
942 ## - ADDED ENTRY ELEMENTS (KOHA)
Koha item type Books
Holdings
Withdrawn status Lost status Damaged status Not for loan Home library Current library Date acquired Cost, normal purchase price Full call number Accession Number Koha item type
        RRII Library RRII Library 16/12/2021 45.00 NR:62:678.048.2 NIT 21140 Books